| 000 | 00980nam a22003137a 4500 | ||
|---|---|---|---|
| 003 | CHAP | ||
| 005 | 20220817041347.0 | ||
| 008 | 971013s1955 r 00010 d | ||
| 010 | _a12211 | ||
| 011 | _a13183 | ||
| 035 | _a17254 | ||
| 040 | _cCHAP | ||
| 082 |
_a634.928 _bC3 |
||
| 100 | 0 | 0 |
_aCarrillo García, Mario. _919487 |
| 245 | _aOrdenación de nuestros bosques de coníferas | ||
| 260 |
_aMéxico : _bEd. Cultura, _c1955 |
||
| 300 | _a200 p. | ||
| 590 |
_aBATCH-UPD _b10 _c20130110 _lUCH01 _h0900 |
||
| 590 |
_aBATCH-UPD _b10 _c20130410 _lUCH01 _h0529 |
||
| 590 |
_aBATCH-UPD _b10 _c20130914 _lUCH01 _h0701 |
||
| 590 |
_aCONVERSION _b10 _c20130109 _lUCH01 _h1308 |
||
| 650 | 1 | 4 |
_aBosques _xAdministración. _914003 |
| 650 | 1 | 4 |
_aBosques _xMéxico. _914341 |
| 650 | 1 | 4 | _aConíferas. |
| 901 | _aBK | ||
| 942 | _cLIBRO | ||
| 949 |
_a634.928 C3 _bBC _cLIBRO _d33724000246021 _eLIBRO _h2248 _i17254 _si |
||
| 949 |
_a634.928 C3 _bBC _cLIBRO _d33724000246039 _eLIBRO _fc.2 _h26566 _i17254 _si |
||
| 999 |
_c12211 _d12211 |
||